| 000 | 00837nam a2200229 a 4500 | ||
|---|---|---|---|
| 001 | BRL_599 | ||
| 005 | 20190320210821.0 | ||
| 008 | 100913s198u----mx-######l---#000-0#spa-# | ||
| 041 | _aspa | ||
| 044 | _amx | ||
| 050 | 4 |
_aJL1229.A2 _b.C36 1980 |
|
| 110 | 2 |
_aCámara de diputados _bLII Legislatura _924398 |
|
| 245 | 1 | 0 |
_aProceso Legislativo de la Iniciativa Presidencial de Reformas y Adicionesa la Ley Orgánica de la Administración Pública Federal _cLII Legislatura, Cámara de Diputados del Congreso de la Unión. |
| 260 |
_aMéxico _bCámara de diputados del Congreso de la Unión _c[1980-] |
||
| 300 |
_a311 p. _c21 cm. |
||
| 440 | 0 |
_aColección Documentos _924399 |
|
| 500 | _aAu714 | ||
| 500 | _aTiene las primeras hojas desprendidas. | ||
| 650 | 1 | 4 |
_aDerecho administrativo _zMéxico _924400 |
| 902 | _aGRL | ||
| 942 |
_2lcc _cB |
||
| 999 |
_c9411 _d9411 |
||